| 000 | 00567nam a2200181Ia 4500 | ||
|---|---|---|---|
| 003 | GCL | ||
| 008 | 140319s9999 xx 000 0 ara d | ||
| 040 |
_aGCL / _cGCL |
||
| 082 | 0 | 4 |
_a940.18 _bم ق |
| 100 | 1 | _aمحمود سعيد عمران | |
| 245 | 1 | 0 |
_aالقادة الصليبيون الاسرى فى ايدى الحكام المسلمين / _cمحمود سعيد عمران |
| 300 | _a96 | ||
| 490 |
_a100 قصة _v0 |
||
| 650 | 0 | 4 | _aالحروب الصليبية |
| 650 | 0 | 4 | _aالتاريخ |
| 650 | 0 | 4 | _aالاسرى الصليبيون |
| 942 |
_2ddc _cBK |
||
| 999 |
_c45315 _d45315 |
||